logo

Bir Sreshtho Munshi Abdur Rouf Library
Jhenaidah Cadet College

Pure Mathematics / (Record no. 5373)

MARC details
000 -LEADER
fixed length control field 00559nam a2200229 a 4500
001 - CONTROL NUMBER
JCCL Control Number 5373
003 - CONTROL NUMBER IDENTIFIER
JCCL marc code BD-JhCC
005 - DATE AND TIME OF LATEST TRANSACTION
control field 20190716134016.0
008 - FIXED-LENGTH DATA ELEMENTS--GENERAL INFORMATION
fixed length control field 171213s2007 si a|||| |||| 000 0 eng d
020 ## - INTERNATIONAL STANDARD BOOK NUMBER
International Standard Book Number 9971616629
035 ## - SYSTEM CONTROL NUMBER
system control number (BD-JhCC) 5373
040 ## - CATALOGING SOURCE
Original cataloging agency BD-JhCC
Modifying agency BD-JhCC
041 ## - LANGUAGE CODE
Language code of Book eng
082 ## - DEWEY DECIMAL CLASSIFICATION NUMBER
Classification number 510
Author mark and Year YEE 2007
100 ## - MAIN ENTRY--PERSONAL NAME
Personal name Yee, Lee peng
245 ## - TITLE STATEMENT
Title Pure Mathematics /
Statement of responsibility, etc Lee peng Yee
300 ## - PHYSICAL DESCRIPTION
Pagination 450p. :
Other physical details ill. ;
Dimensions 24 cm
650 ## - SUBJECT ADDED ENTRY--TOPICAL TERM
Topical term or geographic name as entry element Mathematics
700 ## - ADDED ENTRY--PERSONAL NAME
Personal name Seng, Teh Keng, Keong, Looi Chin
942 ## - ADDED ENTRY ELEMENTS (KOHA)
Source of classification or shelving scheme Dewey Decimal Classification
Koha item type Books
Koha issues (borrowed), all copies 1
Holdings
Source of classification or shelving scheme Damaged status Not for loan Home library Current library Shelving location Date of accession Source of acquisition Total Checkouts Full call number Barcode Date last seen Date checked out Copy number Koha item type
Dewey Decimal Classification     JCC Rouf Library JCC Rouf Library General Stacks 12/13/2017 Md. Nasser Shahrear Zahedee 2 510 YEE 2007 7491 09/21/2021 07/16/2019 C - 1 Books
Dewey Decimal Classification     JCC Rouf Library JCC Rouf Library General Stacks       510 YEE 2007 11183 02/26/2018   C - 2 Books

JCC Library | Contacts | JCC Home

Last Update on 23 September 2017
Copyright @ 2017-2020 JCC Rouf Library
Rouf Library, Jhenidah Cadet College (JCC), Bangladesh